تين عظيم جنگجوسپہ سالار: (Record no. 608196)

000 -LEADER
fixed length control field 00705nam a2200193 a 4500
003 - CONTROL NUMBER IDENTIFIER
control field OSt
005 - DATE AND TIME OF LATEST TRANSACTION
control field 20240226130904.0
008 - FIXED-LENGTH DATA ELEMENTS--GENERAL INFORMATION
fixed length control field 180420t2015 xxu||||| |||| 00| 0 urd d
040 ## - CATALOGING SOURCE
Transcribing agency 0
082 ## - DEWEY DECIMAL CLASSIFICATION NUMBER
Classification number 923.1
Author Mark HER 2015
100 10 - MAIN ENTRY--PERSONAL NAME
Personal name ہيرلڈليم
9 (RLIN) 121236
245 10 - TITLE STATEMENT
Title تين عظيم جنگجوسپہ سالار:
Remainder of title سکندراعظم چنگيزخان اميرتيمور
246 ## - VARYING FORM OF TITLE
Title proper/short title Teen Azeem Jungju Sipasalar:
Remainder of title Sikandar E Azam, Changis Khan,Ameer Taimor.
260 ## - PUBLICATION, DISTRIBUTION, ETC.
Place of publication, distribution, etc. Lahore:
Name of publisher, distributor, etc. Fiction House;
Date of publication, distribution, etc. 2015.
300 ## - PHYSICAL DESCRIPTION
Extent 295p. :
650 ## - SUBJECT ADDED ENTRY--TOPICAL TERM
Topical term or geographic name entry element Anciant
Form subdivision History
9 (RLIN) 121328
942 ## - ADDED ENTRY ELEMENTS (KOHA)
Source of classification or shelving scheme
Koha item type Book
Institution code [OBSOLETE] SADA
Call number prefix 923.1 HER 2015
Holdings
Withdrawn status Lost status Source of classification or shelving scheme Damaged status Not for loan Permanent Location Current Location Date acquired Source of acquisition Total Checkouts Full call number Barcode Date last seen Cost, replacement price Price effective from Koha item type
          School of Art Design and Architecture (SADA) School of Art Design and Architecture (SADA) 02/09/2018 Donation   923.1 HER 2015 SADAD0000294 02/26/2024 700.00 02/26/2024 Book
© 2023 Central Library, National University of Sciences and Technology. All Rights Reserved.